| 000 | 00379nam a2200169Ia 4500 | ||
|---|---|---|---|
| 003 | IT-RoPAU | ||
| 008 | 120407s9999 xx 000 0 und d | ||
| 040 | _aIT-RoPAU | ||
| 040 | _cIT-RoPAU | ||
| 100 | _aLeonardo Boff | ||
| 245 | _aLa Trinidad, la sociedad y la liberacion | ||
| 250 | _aMadrid | ||
| 260 | _aEdiciones Paulinas | ||
| 300 | _c cm | ||
| 490 | _v1 | ||
| 942 | _cBK | ||
| 999 |
_c3047 _d3047 |
||